[Event "Reykjavik Open 2026"]
[Site "Reykjavik ISL"]
[Date "2026.03.26"]
[Round "2.70"]
[White "Brynjarsson, Orvar Holm"]
[Black "Bartczak, Korneliusz"]
[Result "0-1"]
[WhiteElo "1845"]
[BlackElo "2120"]
[WhiteFideId "2321726"]
[BlackFideId "2523558"]
[EventDate "2026.03.25"]

1. e4 c6 2. d4 d5 3. Nc3 dxe4 4. Nxe4 Nf6 5. Nxf6+ exf6 6. c3 Bd6 7. Bd3 Na6 8.
Qc2 Nc7 9. Ne2 h5 10. O-O h4 11. h3 Nd5 12. Re1 O-O 13. a3 Re8 14. c4 Ne7 15.
Be3 g6 16. Rad1 Nf5 17. Nc3 Nxe3 18. fxe3 f5 19. d5 Bd7 20. e4 Bg3 21. Rf1 f4
22. e5 Rxe5 23. Bxg6 Qg5 24. Bh7+ Kh8 25. Ne4 Qg7 26. Nxg3 fxg3 27. Rf4 Rae8 28.
Bd3 Qg5 29. Rxf7 Qe3+ 30. Kh1 Bf5 31. Qc3 Bxd3 32. Rf3 Qe2 33. Rfxd3 Kg8 34. Rg1
Qf2 35. Rdd1 Re3 36. Qd4 Re1 37. Qg4+ Kf8 38. Rdxe1 Rxe1 39. Qc8+ Re8 40. Qg4
Qxg1+ 0-1

[Event "Reykjavik Open 2026"]
[Site "Reykjavik ISL"]
[Date "2026.03.26"]
[Round "2.71"]
[White "Labruyere, Robert Nirina"]
[Black "Baert, Andy"]
[Result "0-1"]
[BlackTitle "FM"]
[WhiteElo "1836"]
[BlackElo "2117"]
[WhiteFideId "285943"]
[BlackFideId "200107"]
[EventDate "2026.03.25"]

1. e4 c5 2. d4 cxd4 3. c3 dxc3 4. Nxc3 Nc6 5. Nf3 d6 6. Bc4 a6 7. O-O Nf6 8. h3
h6 9. Qe2 e5 10. Rd1 Be7 11. Nd5 O-O 12. g4 Be6 13. a3 Rc8 14. Be3 Bxd5 15. Bxd5
Nxd5 16. Rxd5 Qd7 17. Rad1 Qe6 18. Kh2 Qg6 19. g5 Qxe4 20. gxh6 g6 21. h7+ Kh8
22. Rxd6 Bxd6 23. Rxd6 Rcd8 24. Rf6 Qd3 25. Qe1 Kg7 26. h8=Q+ Rxh8 27. Rxc6 bxc6
28. Nxe5 Qf5 29. Ng4 Qxg4 30. Qc3+ f6 31. Bb6 Rd1 32. f3 Qxh3# 0-1

[Event "Reykjavik Open 2026"]
[Site "Reykjavik ISL"]
[Date "2026.03.26"]
[Round "2.72"]
[White "Helgadottir, Idunn"]
[Black "Sorensen, Per Settergren"]
[Result "1-0"]
[WhiteTitle "WCM"]
[WhiteElo "1831"]
[BlackElo "2110"]
[WhiteFideId "2314118"]
[BlackFideId "1413872"]
[EventDate "2026.03.25"]

1. d4 e6 2. c4 Bb4+ 3. Nc3 c5 4. Nf3 Nf6 5. Bd2 cxd4 6. Nxd4 Nc6 7. e3 a6 8. a3
Be7 9. Nxc6 bxc6 10. e4 d6 11. Be2 O-O 12. O-O Qc7 13. Qc2 d5 14. exd5 cxd5 15.
cxd5 exd5 16. Rac1 Qb8 17. Bf3 Be6 18. Rfe1 Bd6 19. h3 Rd8 20. Bg5 Be7 21. Qd2
Ra7 22. Ne2 Ne4 23. Bxe4 dxe4 24. Bf4 Qa8 25. Qc2 Rc8 26. Nc3 f5 27. Qe2 Bf6 28.
Na4 Rxc1 29. Rxc1 Rb7 30. b4 Re7 31. Nc5 Bf7 32. Nxa6 g5 33. Be3 f4 34. Bc5 Rd7
35. Qb5 Rd3 36. a4 f3 37. Be3 Qd8 38. Qb8 Qxb8 39. Nxb8 h6 40. a5 Bb2 41. Rc8+
Kg7 42. Nc6 Bc4 43. Rc7+ Kh8 44. Re7 Rd1+ 45. Kh2 Bf1 46. gxf3 exf3 47. Kg3 Be2
48. Kg4 Rd6 49. Ne5 Bxe5 50. Rxe5 Kg7 51. b5 Rd1 52. Rc5 Rb1 53. b6 Rb4+ 54. Kf5
Bd3+ 55. Ke6 Re4+ 56. Kd7 Rxe3 57. fxe3 f2 58. Rc1 f1=Q 59. Rxf1 Bxf1 60. b7
Bxh3+ 61. Ke7 1-0

[Event "Reykjavik Open 2026"]
[Site "Reykjavik ISL"]
[Date "2026.03.26"]
[Round "2.73"]
[White "Cogelja, Mihovil Niko"]
[Black "Erdmann, Stefan"]
[Result "0-1"]
[WhiteElo "1829"]
[BlackElo "2097"]
[WhiteFideId "2528304"]
[BlackFideId "4663470"]
[EventDate "2026.03.25"]

1. c4 Nf6 2. Nc3 e5 3. g3 Bb4 4. Bg2 O-O 5. e4 Re8 6. Nge2 c6 7. O-O a5 8. d3 h6
9. h3 d6 10. Kh2 Na6 11. Be3 Bc5 12. Bxc5 Nxc5 13. d4 exd4 14. Qxd4 Qe7 15. f3
Be6 16. Nf4 Rad8 17. Rad1 Bc8 18. Rd2 Qc7 19. Rfd1 Ne6 20. Nxe6 Bxe6 21. e5 dxe5
22. Qxd8 Rxd8 23. Rxd8+ Kh7 24. b3 Nd7 25. Re8 Nf6 26. Red8 Bd7 27. Ra8 Bc8 28.
h4 Nh5 29. Bh3 f5 30. Ne4 fxe4 31. Bxc8 Qf7 32. Bg4 exf3 33. Rxa5 Qg6 34. Bxh5
Qc2+ 35. Kh3 Qxd1 36. Rxe5 Qh1+ 37. Kg4 f2 38. Re6 Qd1+ 0-1

[Event "Reykjavik Open 2026"]
[Site "Reykjavik ISL"]
[Date "2026.03.26"]
[Round "2.74"]
[White "Quirke, Jeffrey"]
[Black "Lu, Karson"]
[Result "1-0"]
[WhiteElo "2075"]
[BlackElo "1827"]
[WhiteFideId "2013029"]
[BlackFideId "2661756"]
[EventDate "2026.03.25"]

1. d4 d5 2. Nf3 Nf6 3. e3 Bf5 4. c4 c6 5. cxd5 cxd5 6. Qb3 Nc6 7. Qxb7 Bd7 8.
Ne5 Na5 9. Qa6 Qb6 10. Nc3 e6 11. Qxb6 axb6 12. Nxd7 Nxd7 13. Bb5 Bb4 14. O-O
Bxc3 15. bxc3 Nb3 16. Rb1 Nxc1 17. Rfxc1 Rxa2 18. c4 dxc4 19. Rxc4 Ke7 20. Rc7
Rd8 21. g3 Kd6 22. Rb7 Rc2 23. Bxd7 Rxd7 24. R1xb6+ Ke7 25. Rxd7+ Kxd7 26. Rb7+
Ke8 27. h4 h5 28. Kg2 g6 29. Kf3 Kf8 30. e4 Kg7 31. Rb3 Kf6 32. Ke3 Ra2 33. f3
Ra4 34. Rd3 Ke7 35. Kf4 f6 36. Ke3 Ra7 37. Rb3 Rc7 38. Ra3 Rb7 39. Kf4 Rd7 40.
Ra4 Kf7 41. Ke3 Ke7 42. Ra8 Rb7 43. e5 f5 44. Rh8 Rb3+ 45. Kf4 Rd3 46. Rh7+ Kd8
47. Kg5 Rxf3 48. Kf6 Rd3 49. Kxe6 Rxd4 50. Rh8+ Kc7 51. Kf6 Re4 52. Kxg6 Rxe5
53. Rxh5 Re3 54. Rg5 Rf3 55. h5 f4 56. gxf4 Rxf4 57. h6 Rf8 58. h7 Kd7 59. Kg7
Ra8 60. h8=Q Rxh8 61. Kxh8 1-0

[Event "Reykjavik Open 2026"]
[Site "Reykjavik ISL"]
[Date "2026.03.26"]
[Round "2.75"]
[White "Otto, Michael"]
[Black "Marsh, James J"]
[Result "0-1"]
[WhiteElo "1827"]
[BlackElo "2096"]
[WhiteFideId "24617822"]
[BlackFideId "30975751"]
[EventDate "2026.03.25"]

1. e4 e5 2. Nc3 Nf6 3. d4 exd4 4. Qxd4 Nc6 5. Qd3 Bc5 6. Bf4 d6 7. Nge2 O-O 8.
f3 Ne5 9. Bxe5 dxe5 10. Nc1 Qe7 11. a3 Rd8 12. Qe2 a6 13. Nd3 Bd4 14. Qd2 Be6
15. O-O-O Rd6 16. Qe1 Rad8 17. h3 Rb6 18. f4 exf4 19. Nxf4 Bxc3 20. Rxd8+ Qxd8
21. Qxc3 Nxe4 22. Qe3 Nf6 23. Bd3 Nd5 24. Qe4 g6 25. Nxe6 Rxe6 26. Qg4 Qd6 27.
h4 h5 28. Qh3 Nf4 29. Qf3 Nxd3+ 30. cxd3 Qd4 31. Rf1 Qe3+ 32. Qxe3 Rxe3 33. Kd2
Rg3 0-1

[Event "Reykjavik Open 2026"]
[Site "Reykjavik ISL"]
[Date "2026.03.26"]
[Round "2.76"]
[White "Kamp, Aaron"]
[Black "Westcott, Dale"]
[Result "1-0"]
[WhiteElo "2069"]
[BlackElo "1822"]
[WhiteFideId "16231120"]
[BlackFideId "1806017"]
[EventDate "2026.03.25"]

1. e4 c5 2. b3 Nc6 3. Bb2 Nf6 4. e5 Nd5 5. g3 d6 6. exd6 Qxd6 7. Bg2 e5 8. Na3
Be6 9. Nf3 f6 10. O-O Be7 11. Re1 O-O 12. c3 Qd7 13. d4 cxd4 14. cxd4 exd4 15.
Nxd4 Nxd4 16. Qxd4 Rfd8 17. Rad1 Bf7 18. Bxd5 Bxd5 19. Qxd5+ Qxd5 20. Rxd5 Rxd5
21. Rxe7 b5 22. Kg2 Rc8 23. Re2 a5 24. Nc2 Rdc5 25. Nd4 Kf7 26. a4 bxa4 27. bxa4
Rc4 28. Nf5 R8c6 29. Re7+ Kg6 30. Nh4+ Kh6 31. Nf5+ Kg6 32. Nh4+ Kh6 33. Bd4 g5
34. Nf5+ Kg6 35. g4 Rc7 36. Re6 Rf7 37. Re8 h6 38. Rh8 Rh7 39. Rg8+ Kf7 40. Ra8
Rxa4 41. Ra6 Rxd4 42. Nxd4 Kg6 43. Nf5 h5 44. h3 hxg4 45. hxg4 Rb7 46. Rxa5 Rb4
47. f3 Rb2+ 48. Kg3 Re2 49. Nd6 Re6 50. Ne4 Rb6 51. Rd5 Rb8 52. Rd7 Rf8 53. Nd6
Rb8 54. Nf5 Rg8 55. Ne7+ 1-0

[Event "Reykjavik Open 2026"]
[Site "Reykjavik ISL"]
[Date "2026.03.26"]
[Round "2.77"]
[White "Gilbert, Alistair"]
[Black "Hardarson, Jon Trausti"]
[Result "0-1"]
[BlackTitle "CM"]
[WhiteElo "1820"]
[BlackElo "2071"]
[WhiteFideId "343419160"]
[BlackFideId "2302594"]
[EventDate "2026.03.25"]

1. Nf3 d5 2. c4 e6 3. g3 Nf6 4. Bg2 Be7 5. O-O O-O 6. d4 c6 7. Nc3 Nbd7 8. cxd5
exd5 9. Qc2 Re8 10. a3 a5 11. b3 Nf8 12. Bb2 g6 13. Rfe1 Bf5 14. Qd1 Ne4 15. e3
Nxc3 16. Bxc3 Bd6 17. a4 Nd7 18. Nd2 Qe7 19. Bb2 Nf6 20. Ra2 h5 0-1

[Event "Reykjavik Open 2026"]
[Site "Reykjavik ISL"]
[Date "2026.03.26"]
[Round "2.78"]
[White "Dimitrijevic, Aleksandra"]
[Black "Magnusson, Gisli"]
[Result "1-0"]
[WhiteTitle "WGM"]
[WhiteElo "2063"]
[BlackElo "1816"]
[WhiteFideId "929239"]
[BlackFideId "1437330"]
[EventDate "2026.03.25"]

1. d4 d5 2. c4 e6 3. Nf3 Nf6 4. g3 dxc4 5. Bg2 c5 6. Qa4+ Bd7 7. Qxc4 b5 8. Qc2
Na6 9. a3 Rc8 10. O-O cxd4 11. Qd1 d3 12. Ne5 Nc5 13. exd3 Bd6 14. Nxd7 Ncxd7
15. Nc3 Rb8 16. Be3 b4 17. axb4 Rxb4 18. Rxa7 Rxb2 19. Qa1 Rb8 20. Ne4 Be5 21.
Nxf6+ gxf6 22. Qa4 Bc7 23. Rc1 Bb6 24. Rxd7 1-0

[Event "Reykjavik Open 2026"]
[Site "Reykjavik ISL"]
[Date "2026.03.26"]
[Round "2.79"]
[White "Larsson, Elin"]
[Black "Kolka, David"]
[Result "1/2-1/2"]
[WhiteElo "1815"]
[BlackElo "2069"]
[WhiteFideId "1771787"]
[BlackFideId "2308010"]
[EventDate "2026.03.25"]

1. e4 c6 2. d4 d5 3. e5 Bf5 4. h4 h5 5. Bd3 Bxd3 6. Qxd3 Qa5+ 7. Bd2 Qa6 8. Qxa6
Nxa6 9. e6 Nc7 10. exf7+ Kxf7 11. Nf3 Nh6 12. O-O g6 13. c3 Bg7 14. Bf4 Ne6 15.
Be5 Bf6 16. Re1 Rhg8 17. Nbd2 Nf5 18. g3 g5 19. hxg5 Bxg5 20. Nxg5+ Nxg5 21. Kg2
Rg6 22. Nf3 h4 23. Nxh4 Nxh4+ 24. gxh4 Ne4+ 25. Kf3 Rag8 26. Ke3 Rg2 27. Rf1 Kg6
28. Rg1 Kh5 29. Bg3 Nxg3 30. Rxg2 Nf5+ 31. Kf4 Rxg2 32. Kxf5 Rxf2+ 33. Ke6 Re2+
34. Kd7 Rxb2 35. Kxe7 Rc2 36. Rb1 Rxa2 37. Rxb7 Ra3 38. Kd6 Rxc3 39. Rh7+ Kg4
40. Rxa7 Rc4 41. Rd7 Kxh4 42. Ke5 Kg4 43. Rf7 Kg3 44. Rf8 Rc3 45. Kd6 Kg4 46.
Rf7 Rc4 47. Ke5 Ra4 48. Rf4+ Kg3 49. Rf6 Rc4 50. Rf7 Rc2 51. Kd6 1/2-1/2

[Event "Reykjavik Open 2026"]
[Site "Reykjavik ISL"]
[Date "2026.03.26"]
[Round "2.80"]
[White "Brackmann, Hendrik"]
[Black "Lekoudis, George"]
[Result "1/2-1/2"]
[WhiteElo "2060"]
[BlackElo "1814"]
[WhiteFideId "12905135"]
[BlackFideId "484679"]
[EventDate "2026.03.25"]

1. e4 c5 2. Nf3 d6 3. d4 cxd4 4. Nxd4 Nf6 5. Nc3 a6 6. Qd3 Nbd7 7. Be2 Nc5 8.
Qe3 b5 9. b4 Ncd7 10. O-O Bb7 11. a4 bxa4 12. Rxa4 g6 13. Nb3 Bg7 14. Na5 Bc8
15. Ra2 O-O 16. Nc6 Qe8 17. Nd5 Nxd5 18. exd5 Ne5 19. Bb2 Nxc6 20. Bxg7 Kxg7 21.
dxc6 Qxc6 22. Bf3 Qc4 23. Bxa8 Qxa2 24. Qxe7 Qxc2 25. Qxd6 Qc3 26. Bc6 Be6 27.
h3 Rc8 28. Bb7 Rc7 29. Bf3 Rc6 1/2-1/2

[Event "Reykjavik Open 2026"]
[Site "Reykjavik ISL"]
[Date "2026.03.26"]
[Round "2.81"]
[White "McCallum, Elliot"]
[Black "Schulz, Jannis"]
[Result "1-0"]
[WhiteElo "1812"]
[BlackElo "2063"]
[WhiteFideId "2645718"]
[BlackFideId "16224710"]
[EventDate "2026.03.25"]

1. e4 c6 2. d4 d5 3. e5 Bf5 4. Ne2 e6 5. Ng3 Bg6 6. h4 h6 7. h5 Bh7 8. Bd3 Bxd3
9. cxd3 Qb6 10. Ne2 Ne7 11. Nd2 Na6 12. Kf1 c5 13. dxc5 Nxc5 14. d4 Nd3 15. Nb3
Qa6 16. Rh3 Nxc1 17. Rxc1 Nc6 18. Kg1 Qb6 19. Rg3 a5 20. Nc5 Bxc5 21. Rxc5 O-O
22. Qc1 Kh8 23. Rb3 Qa6 24. Qd2 Rfc8 25. Rf3 Nd8 26. Rfc3 Rxc5 27. Rxc5 b6 28.
Rc7 Rc8 29. Re7 Kg8 30. Re8+ Kh7 31. Nc3 Qb7 32. Qd3+ g6 33. Qf3 Nc6 34. Rxc8
Qxc8 35. Qxf7+ Kh8 36. Qf6+ Kh7 37. hxg6+ 1-0

[Event "Reykjavik Open 2026"]
[Site "Reykjavik ISL"]
[Date "2026.03.26"]
[Round "2.82"]
[White "Mensing, Adrian"]
[Black "Gautier, Marc"]
[Result "1-0"]
[WhiteElo "2044"]
[BlackElo "1811"]
[WhiteFideId "1043293"]
[BlackFideId "20690657"]
[EventDate "2026.03.25"]

1. d4 d5 2. Nc3 Nf6 3. Bf4 c6 4. e3 Bf5 5. Nf3 e6 6. Ne5 Nbd7 7. g4 Bg6 8. h4 h5
9. Nxg6 fxg6 10. Bd3 Kf7 11. g5 Nh7 12. Qf3 Qe8 13. O-O-O Kg8 14. e4 Qf7 15. Qg3
Be7 16. Rde1 Nhf8 17. Kb1 Kh7 18. Bd2 Rc8 19. f4 Bd6 20. Qf3 dxe4 21. Nxe4 Be7
22. Qxh5+ Kg8 23. Qg4 c5 24. dxc5 Bxc5 25. Bc3 Be7 26. Bb5 Rc7 27. Ng3 Bc5 28.
Re2 a6 29. Ba4 b5 30. Bb3 b4 31. Rxe6 Kh7 32. Re4 1-0

[Event "Reykjavik Open 2026"]
[Site "Reykjavik ISL"]
[Date "2026.03.26"]
[Round "2.83"]
[White "Stolpe, Samuel"]
[Black "Omarsson, Josef"]
[Result "0-1"]
[WhiteElo "1810"]
[BlackElo "2047"]
[WhiteFideId "30941202"]
[BlackFideId "2316102"]
[EventDate "2026.03.25"]

1. d4 Nf6 2. Nf3 g6 3. g3 d5 4. Bg2 Bg7 5. O-O O-O 6. c4 c6 7. Nc3 Nbd7 8. b3 b6
9. Bb2 Bb7 10. cxd5 cxd5 11. Ne5 Rc8 12. Qd3 Nxe5 13. dxe5 Ne4 14. Nxe4 dxe4 15.
Bxe4 Bxe4 16. Qxe4 Qd2 17. Rab1 Rc2 18. Rfd1 Qxe2 19. Qxe2 Rxe2 20. Kf1 Rc2 21.
Rd7 e6 22. Ke1 f6 23. Rc1 Rxb2 24. Rcc7 Bh8 25. Rxh7 fxe5 26. Rh6 Bg7 27. Rxg6
Rf7 28. Rc8+ Kh7 29. Rxe6 Rfxf2 0-1

[Event "Reykjavik Open 2026"]
[Site "Reykjavik ISL"]
[Date "2026.03.26"]
[Round "2.84"]
[White "Krischer, Markus"]
[Black "Arnalds, Stefan"]
[Result "1/2-1/2"]
[WhiteElo "2042"]
[BlackElo "1809"]
[WhiteFideId "34616152"]
[BlackFideId "2304821"]
[EventDate "2026.03.25"]

1. e4 c5 2. Nf3 e6 3. c3 Nf6 4. e5 Nd5 5. d4 cxd4 6. cxd4 Nc6 7. Nc3 d6 8. exd6
Bxd6 9. Nxd5 exd5 10. Be2 Bb4+ 11. Bd2 Qa5 12. O-O Bxd2 13. Nxd2 Nxd4 14. Nc4
dxc4 15. Qxd4 O-O 16. Bxc4 b6 17. Rfe1 Qg5 18. Re5 Qf6 19. Rae1 Be6 20. Bxe6
fxe6 21. Qe3 Rae8 22. Rxe6 Rxe6 23. Qxe6+ Qxe6 24. Rxe6 Rc8 25. Re1 Rc2 26. Rb1
Kf7 27. g3 Kf6 28. Kg2 g5 29. Kf3 h5 30. h3 b5 31. Ke3 Ke5 32. Kf3 Kf5 33. g4+
hxg4+ 34. hxg4+ Ke5 35. Re1+ Kf6 36. Re2 Rc6 37. Ke3 a6 38. Kd3 Rc4 39. f3 Rc6
40. Re4 Rd6+ 41. Rd4 Rc6 42. Rd5 Re6 43. Rf5+ Kg6 44. a3 Rc6 45. b3 Rd6+ 46. Kc3
Re6 47. Rd5 Re3+ 48. Rd3 Re6 49. Kb4 Kf6 50. Kc5 Ke7 51. Rd4 Rf6 52. Re4+ Kd7
53. Re3 Rc6+ 54. Kd5 Rd6+ 55. Kc5 Rc6+ 56. Kd4 Rf6 57. Kc3 Kc6 58. b4 Kd5 59.
Kd3 Rg6 60. Kd2 Kd4 61. Rd3+ Ke5 62. Rd8 Rf6 63. Ke3 Rc6 64. Re8+ Kd5 65. Rd8+
Ke5 66. Rd3 Re6 67. Rc3 Kd5+ 68. Kd3 Ke5 69. Rc5+ Kf6 70. Rf5+ Kg6 71. Kd4 Rd6+
72. Rd5 Rf6 73. Ke4 Re6+ 74. Re5 Rd6 75. f4 gxf4 76. Kxf4 Rd4+ 77. Re4 Rd6 78.
g5 Rc6 79. Kg4 Rd6 80. Rf4 Re6 81. Rf6+ Rxf6 82. gxf6 Kxf6 83. Kf4 Ke6 84. Ke4
Kd6 85. Kd4 Kc6 86. Ke5 Kb6 87. Kd5 a5 88. Kd6 axb4 89. axb4 Kb7 90. Kc5 Kc7 91.
Kxb5 Kb7 92. Ka5 Ka7 93. b5 Kb7 94. b6 Kb8 95. Kb5 Kb7 96. Kc5 Kb8 1/2-1/2

[Event "Reykjavik Open 2026"]
[Site "Reykjavik ISL"]
[Date "2026.03.26"]
[Round "2.85"]
[White "Grettisson, Arnar Breki"]
[Black "Jagic, Jakov"]
[Result "0-1"]
[WhiteElo "1808"]
[BlackElo "2038"]
[WhiteFideId "2322790"]
[BlackFideId "2528398"]
[EventDate "2026.03.25"]

1. e4 c5 2. Nc3 g6 3. d4 cxd4 4. Qxd4 Nf6 5. e5 Nc6 6. Qf4 Nh5 7. Qe4 d6 8. g4
f5 9. Qa4 fxg4 10. Bb5 Bg7 11. exd6 Qxd6 12. Be3 Bxc3+ 13. bxc3 Qd5 14. Qd4 Nf6
15. Qxd5 Nxd5 16. Bd4 Rf8 17. O-O-O Bd7 18. Ne2 a6 19. Ba4 O-O-O 20. Bb3 Nxd4
21. Nxd4 Nxc3 22. Rde1 Rde8 23. Re5 Nb5 24. Ne6 Rxf2 25. Rg5 Re2 26. a4 Nd6 27.
Nf4 Re4 28. Nd5 Bf5 29. Nc3 Rd4 30. Ne2 Rb4 31. Ng3 h6 32. Nxf5 hxg5 33. Ne3 Re4
34. Nxg4 Kb8 35. Nf2 Rh4 36. h3 e5 37. Rg1 e4 38. Rxg5 e3 39. Nd3 e2 40. Ne1 Rd4
41. c3 Ne4 42. Rxg6 Nxc3 43. Rg1 Nxa4 0-1

[Event "Reykjavik Open 2026"]
[Site "Reykjavik ISL"]
[Date "2026.03.26"]
[Round "2.86"]
[White "Snodgrass, Benjamin"]
[Black "Carr, Jay"]
[Result "1-0"]
[WhiteElo "2040"]
[BlackElo "1805"]
[WhiteFideId "30915422"]
[BlackFideId "30922690"]
[EventDate "2026.03.25"]

1. d4 Nf6 2. Nf3 e6 3. Bg5 h6 4. Bh4 c5 5. e3 cxd4 6. exd4 Qb6 7. Bxf6 gxf6 8.
Nbd2 Qxb2 9. Rb1 Qxa2 10. Bc4 Qa5 11. d5 a6 12. O-O Qc7 13. Re1 b5 14. Bd3 Bb7
15. c4 b4 16. Qa4 Kd8 17. Ne4 Be7 18. Qa1 e5 19. Nh4 d6 20. Rxb4 Nd7 21. Nf5 Bc8
22. Reb1 Rb8 23. Nxe7 Kxe7 24. c5 Nxc5 25. Rxb8 Nxd3 26. Qa3 Nf4 27. Nxd6 Ne2+
28. Kf1 Qc3 29. Nf5+ 1-0

[Event "Reykjavik Open 2026"]
[Site "Reykjavik ISL"]
[Date "2026.03.26"]
[Round "2.87"]
[White "Jarabek, Milan"]
[Black "Stevens, Christian FRA"]
[Result "0-1"]
[WhiteElo "1804"]
[BlackElo "2034"]
[WhiteFideId "14928264"]
[BlackFideId "649090"]
[EventDate "2026.03.25"]

1. e4 c5 2. Nf3 d6 3. Bc4 Nf6 4. d3 Nc6 5. c3 e6 6. O-O Be7 7. Re1 O-O 8. d4 d5
9. exd5 Nxd5 10. Ne5 cxd4 11. Nxc6 bxc6 12. cxd4 Bf6 13. Be3 Nxe3 14. fxe3 c5
15. Nc3 cxd4 16. exd4 Qxd4+ 17. Qxd4 Bxd4+ 18. Kf1 Bb7 19. Ne2 Bf6 0-1

[Event "Reykjavik Open 2026"]
[Site "Reykjavik ISL"]
[Date "2026.03.26"]
[Round "2.88"]
[White "Althoff, Ralph"]
[Black "Sakinis, Rimandas"]
[Result "1-0"]
[WhiteElo "2035"]
[BlackElo "1804"]
[WhiteFideId "4623177"]
[BlackFideId "12864749"]
[EventDate "2026.03.25"]

1. d4 d6 2. e4 Nf6 3. Nc3 c6 4. f4 Qa5 5. e5 Ne4 6. Bd3 Nxc3 7. Qd2 dxe5 8. fxe5
Bg4 9. Ne2 Qd5 10. bxc3 Qd7 11. Ng3 e6 12. Qf4 h5 13. h3 Bf5 14. Nxf5 exf5 15.
Bxf5 Qd5 16. O-O g6 17. Bc8 c5 18. Qf6 Rh7 19. e6 Na6 20. Bd7+ 1-0

[Event "Reykjavik Open 2026"]
[Site "Reykjavik ISL"]
[Date "2026.03.26"]
[Round "2.89"]
[White "Vega, Isaac"]
[Black "Mariller, Romain"]
[Result "1/2-1/2"]
[WhiteElo "1803"]
[BlackElo "2031"]
[WhiteFideId "30914035"]
[BlackFideId "45136912"]
[EventDate "2026.03.25"]

1. e4 Nc6 2. Nf3 d6 3. d4 Nf6 4. Nc3 g6 5. Be2 Bg7 6. h3 O-O 7. Be3 a6 8. Qd2 b5
9. a3 Nd7 10. Bh6 e5 11. Bxg7 Kxg7 12. O-O Bb7 13. Rad1 Re8 14. b3 exd4 15. Nxd4
Qf6 16. Nxc6 Bxc6 17. f3 Nc5 18. Qd4 Qxd4+ 19. Rxd4 h5 20. h4 g5 21. hxg5 Ne6
22. Rd2 Nxg5 23. Nd5 Bxd5 24. Rxd5 Re5 25. Rfd1 Ne6 26. Kf2 Kf6 27. Ke3 Rg8 28.
f4 Rxd5 29. Rxd5 Rxg2 30. Rf5+ Ke7 31. Bxh5 f6 32. c4 Ng7 33. Rd5 c6 34. Bf3 Ra2
35. Rd3 Rxa3 36. e5 fxe5 37. fxe5 bxc4 38. exd6+ Kd7 39. Bg4+ Kd8 40. bxc4 Ra5
41. Rb3 Nf5+ 42. Bxf5 Rxf5 43. Rb7 a5 44. Ra7 Rh5 45. Kd4 c5+ 46. Ke4 a4 47.
Rxa4 Kd7 48. Ra6 Rh4+ 49. Kd5 Rh5+ 50. Ke4 Rh4+ 51. Kd5 Rh5+ 52. Ke4 Rh4+ 1/2-1/2

[Event "Reykjavik Open 2026"]
[Site "Reykjavik ISL"]
[Date "2026.03.26"]
[Round "2.90"]
[White "Dijkstra, Matthijs"]
[Black "Kristinsson, Magnus"]
[Result "1-0"]
[WhiteElo "2032"]
[BlackElo "1801"]
[WhiteFideId "1046985"]
[BlackFideId "2305682"]
[EventDate "2026.03.25"]

1. c4 Nf6 2. g3 g6 3. Bg2 Bg7 4. Nc3 c5 5. e3 O-O 6. Nge2 d6 7. O-O Nbd7 8. b3
Rb8 9. Bb2 b6 10. d4 a6 11. a4 Re8 12. d5 Nf8 13. Qd2 Bd7 14. Ne4 b5 15. Nxf6+
Bxf6 16. Bxf6 exf6 17. axb5 axb5 18. Qc2 Rb7 19. Ra6 Qe7 20. Rfa1 bxc4 21. bxc4
Bf5 22. Qc1 Reb8 23. Nc3 Bd7 24. Bf1 Rb3 25. Qc2 Qe5 26. R6a3 Rb2 27. Qe4 Bf5
28. Qxe5 fxe5 29. Nb5 Rb6 30. f3 Bc2 31. R1a2 Rxa2 32. Rxa2 Bb1 33. Ra8 f5 34.
Rd8 Kf7 35. Rxd6 Rxd6 36. Nxd6+ Ke7 37. Nb5 Nd7 38. Kf2 Nb8 39. Ke1 e4 40. f4
Bc2 41. Nc7 Ba4 42. Ne6 Na6 43. g4 h6 44. Kd2 Bd7 45. gxf5 gxf5 46. Ng7 Nb4 47.
Be2 Kf6 48. Nh5+ Kf7 49. Ng3 Kf6 50. Nh1 Ke7 51. Nf2 Kf6 52. Bd1 Be8 53. Bc2 Bd7
54. Bxe4 fxe4 55. Nxe4+ Ke7 56. Nxc5 Bh3 57. e4 Bf1 58. Kc3 Na2+ 59. Kd4 Nb4 60.
Nb7 Nc2+ 61. Kc3 Ne3 62. c5 Ng4 63. c6 Bg2 64. d6+ 1-0

[Event "Reykjavik Open 2026"]
[Site "Reykjavik ISL"]
[Date "2026.03.26"]
[Round "2.91"]
[White "Paricharak, Nakul"]
[Black "Akhmetov, Kirill"]
[Result "0-1"]
[WhiteElo "1797"]
[BlackElo "2028"]
[WhiteFideId "7500173"]
[BlackFideId "40103412"]
[EventDate "2026.03.25"]

1. d4 d5 2. Nf3 c6 3. c4 Nf6 4. g3 Bf5 5. Bg2 e6 6. Qb3 Qb6 7. c5 Qxb3 8. axb3
Nbd7 9. Nc3 a6 10. b4 Rc8 11. Bf4 Be7 12. Nh4 Bc2 13. Nf3 O-O 14. Rc1 Bg6 15.
O-O Ne4 16. Ne5 Nxe5 17. Nxe4 Nc4 18. b3 Na3 19. Bd6 Bxd6 20. Nxd6 Rb8 21. e4
dxe4 22. Bxe4 Bxe4 23. Nxe4 Nb5 24. Rfd1 Rbd8 25. Rd3 Rd5 26. Nc3 Rxd4 27. Rxd4
Nxd4 28. Rd1 Rd8 29. Kf1 e5 30. Ne2 Ne6 31. Rxd8+ Nxd8 32. Nc3 f5 33. h3 Kf7 34.
Ke2 Ne6 35. g4 g6 36. Kd3 Nf4+ 37. Kc4 Nxh3 38. b5 Nxf2 39. gxf5 gxf5 40. Nd5
axb5+ 0-1

[Event "Reykjavik Open 2026"]
[Site "Reykjavik ISL"]
[Date "2026.03.26"]
[Round "2.92"]
[White "Hill, Andy"]
[Black "Schimmer, Michael"]
[Result "1-0"]
[WhiteElo "2030"]
[BlackElo "1797"]
[WhiteFideId "499927"]
[BlackFideId "24606014"]
[EventDate "2026.03.25"]

1. Nf3 Nf6 2. d4 e6 3. e3 d5 4. Bd3 c5 5. b3 Nc6 6. a3 Bd6 7. Bb2 O-O 8. O-O Re8
9. Ne5 Ne7 10. Nd2 b6 11. Qf3 Bb7 12. Qh3 cxd4 13. exd4 Ng6 14. f4 Rc8 15. Rac1
Qe7 16. b4 a5 17. bxa5 bxa5 18. Bb5 Rf8 19. Qd3 Rc7 20. g3 Rfc8 21. Rfe1 Ne4 22.
Nxe4 dxe4 23. Qb3 f6 24. Ng4 Kh8 25. Ne3 f5 26. Ng2 Bc6 27. c4 Rb7 28. a4 Nf8
29. Ne3 Nd7 30. Bc3 Bc7 31. Qb2 Nf6 32. Qd2 Bxb5 33. axb5 Ra8 34. Ra1 Qd8 35.
Ra2 a4 36. Rea1 h5 37. Rxa4 Rxa4 38. Rxa4 h4 39. Ra6 Qe8 40. Qg2 Nh5 41. Qh3 Qg6
42. Kf2 hxg3+ 43. hxg3 Qh6 44. Nxf5 Nxf4 45. Qxh6+ gxh6 46. Ne3 Nd3+ 47. Kg2 e5
48. Rxh6+ Kg8 49. dxe5 Bxe5 50. Bxe5 Nxe5 51. Re6 1-0